French Polynesia City Quiz - Statistics

General Stats
  • This quiz has been taken 46 times
  • The average score is 4 of 8
Answer Stats
City % Correct
Papeete
97%
Faaa
59%
Punaauia
41%
Pirae
38%
Arue
31%
Mahina
31%
Paea
31%
Papara
31%
No matching quizzes found
Score Distribution
Percent of People with Each Score
Percentile by Number Answered
Your Score History
You have not taken this quiz